01272cam a2200325 a 450000100060000000300060000600500170001200800410002902000330007003500190010303500250012203800120014704000270015904100080018608200300019409000330022424500820025726000420033930000350038149000490041650400640046565000700052965000550059971000320065471000320068683000580071894200120077699900170078895201410080573953UkOxU20211209082451.0080813s2009 dcua b 001 0 eng  a9780821377383 (pbk.)c$25.00 a(BD-RjUL)74171 a(UkLCURL)03b26511745 aUkLCURL aDLCcDLCdBD-RjULbeng aeng00a338.4337868222bACC 2009 aGlabEducation L35.A4 2009-W00aAccelerating catch-up :btertiary education for growth in Sub-Saharan Africa. aWashington, DC :bWorld Bank,cc2009. axxxi, 180 p. :bill. ;c23 cm.1 aDirections in development. Human development aIncludes bibliographical references (p. 135-157) and index. 0aEducation, HigherxEconomic aspectszAfrica, Sub-Saharan.9219501 0aEconomic developmentzAfrica, Sub-Saharan.92195022 aWorld Bank.bAFTHD.92195032 aWorld Bank.bDECRG.9219504 0aDirections in development (Washington, D.C.).9219506 2ddccBK c73953d73953 00102ddc40718NFICaRUCLbRUCLcReadingd2017-09-20eAuthorg25.00l0o338.4337868 ACC 2009r2017-11-28 00:00:00tC-1w2021-12-09yBK